|
|
|
|
| LEADER |
00000nab a2200000 a 4500 |
| 001 |
vtls001014841 |
| 003 |
SK-MaSNL |
| 005 |
20260303042609.0 |
| 008 |
040720e19980107xo 0 slo |
| 035 |
|
|
|a SN794
|
| 040 |
|
|
|a SNSK
|b slo
|c SNSK
|e AACR2
|
| 041 |
0 |
|
|a slo
|
| 044 |
|
|
|a xo
|c SK
|
| 080 |
|
|
|a 796.966
|2 1981
|
| 100 |
0 |
|
|a -gr-
|4 aut
|9 881137
|
| 245 |
1 |
0 |
|a Štvrťstoročie spišskonovoveského Zimného štadióna
|
| 300 |
|
|
|b 1 foto
|
| 610 |
2 |
7 |
|a Zimný štadión (Spišská Nová Ves, Slovensko)
|2 SNSK
|9 1029052
|
| 650 |
0 |
7 |
|a výročia a významné udalosti
|2 SNSK
|9 16069
|
| 651 |
|
7 |
|a Spišská Nová Ves (Slovensko)
|2 SNSK
|9 28800
|
| 651 |
|
7 |
|a SN,
|2 SNSK
|9 1021277
|
| 710 |
2 |
|
|a Zimný štadión, Spišská Nová Ves
|4 aut
|9 1029053
|
| 773 |
0 |
8 |
|t Spišský kuriér
|g Roč. 7, č.1, 7.1.1998, s. 6
|
| 852 |
|
|
|a ZVYKNI
|b KIS3GCP
|
| 999 |
|
|
|c 1692813
|d 1694743
|